00608 2200217 4500001002100000005001500021035002000036007000300056008004100059020001800100082001100118084001700129100001900146245005100165260004600216500007300262650002200335856001700357990000800374990000800382INLIS00000000000022520220309075209 a0010-0322000023ta220309 g 0 ind  a9789790260283 a297.63 a297.63 DZI a0 aDzikry El-Hans1 aAbdurrahman bin Auf :bLelaki bersemangat baja aYogyakarta :bPustaka Insan Madani,c2008 aAbdurrahman bin auf seorang sahabat dengan jiwa yang penuh semangat. 4aNabi Muhammad SAW aKoleksi Umum a606 a607